Práva dítěte v dokumentech / [editoři Soňa Koblová, Věra Mišurcová]
Record details
- ISBN: 80-85821-56-7
- Physical Description: 94 s. ; 21 cm
- Edition: Vyd. 1.
- Publisher: Praha : Themis, 1998
Content descriptions
| General Note: | Část. přeloženo z angličtiny Vydavatel: Odbor prevence kriminality MV ČR |
Search for related items by subject
| Subject: | práva dětí > Česko práva dětí mezinárodní smlouvy Children's rights > Czechia Children's rights |
| Genre: | dokumenty sborníky |
Search for related items by series
Available copies
- 3 of 3 copies available at Common Catalog SPOK.
Holds
- 0 current holds with 3 total copies.
Other Formats and Editions
Show All Copies
| Location | Call Number / Copy Notes | Barcode | Shelving Location | Status | Due Date |
|---|---|---|---|---|---|
| ETS Library | 346.017 | 424470008061 | Volný výběr | Available | - |
| Jabok Library | ET-9.2/M | 424480000802 | Odborná literatura | Available | - |
| Jabok Library | ET-9.2/M | 424480000803 | Odborná literatura | Available | - |
| LDR | 01794nam a2200493 a 4500 | ||
|---|---|---|---|
| 001 | 9737 | ||
| 003 | CZ-PrJAB | ||
| 005 | 20220530102248.0 | ||
| 007 | tu | ||
| 008 | 001103s1998 xr e lz 000 0 cze | ||
| 015 | . | ‡acnb000974850 | |
| 020 | . | ‡a80-85821-56-7 ‡q(brož.) ‡z80-8521-56-7 | |
| 035 | . | ‡a(CZ PrNK)cpk20000974850 | |
| 035 | . | ‡a(OCoLC)85005063 | |
| 040 | . | ‡aABA001 ‡bcze | |
| 041 | 1 | . | ‡acze ‡heng |
| 043 | . | ‡ae-xr--- | |
| 072 | 7. | ‡a342 ‡xÚstavní právo. Správní právo ‡2Konspekt ‡916 | |
| 080 | . | ‡a342.726 ‡2MRF | |
| 080 | . | ‡a341.231.14 ‡2MRF | |
| 080 | . | ‡a(094.2) ‡2MRF | |
| 080 | . | ‡a(094.5) ‡2MRF | |
| 080 | . | ‡a(082) ‡2MRF | |
| 082 | 1 | 4. | ‡a346.017 |
| 245 | 0 | 0. | ‡aPráva dítěte v dokumentech / ‡c[editoři Soňa Koblová, Věra Mišurcová] |
| 250 | . | ‡aVyd. 1. | |
| 260 | . | ‡aPraha : ‡bThemis, ‡c1998 | |
| 300 | . | ‡a94 s. ; ‡c21 cm | |
| 490 | 1 | . | ‡aPrevence se musí vyplatit |
| 500 | . | ‡aČást. přeloženo z angličtiny | |
| 500 | . | ‡aVydavatel: Odbor prevence kriminality MV ČR | |
| 650 | 0 | 7. | ‡apráva dětí ‡7ph124706 ‡zČesko ‡2czenas |
| 650 | 0 | 7. | ‡apráva dětí ‡7ph124706 ‡2czenas |
| 650 | 0 | 7. | ‡amezinárodní smlouvy ‡7ph122825 ‡2czenas |
| 650 | 0 | 9. | ‡aChildren's rights ‡zCzechia ‡2eczenas |
| 650 | 0 | 9. | ‡aChildren's rights ‡2eczenas |
| 655 | 7. | ‡adokumenty ‡7fd132064 ‡2czenas | |
| 655 | 7. | ‡asborníky ‡7fd163935 ‡2czenas | |
| 700 | 1 | . | ‡aMišurcová, Věra, ‡d1926- ‡7jk01081838 ‡4edt |
| 700 | 1 | . | ‡aKoblová, Soňa ‡7jn20001227321 ‡4edt |
| 710 | 1 | . | ‡aČesko. ‡bMinisterstvo vnitra. ‡bOdbor prevence kriminality ‡7kn20020321781 |
| 830 | 0. | ‡aPrevence se musí vyplatit | |
| 910 | . | ‡aABG312 | |
| 910 | . | ‡aABG450 | |
| 995 | . | ‡aska | |
| 901 | . | ‡a9737 ‡bCZ-PrJAB ‡c9737 ‡tbiblio | |